| 000 | 02052nam a2200445 c 4500 | ||
|---|---|---|---|
| 003 | BLK | ||
| 005 | 20240604102607.0 | ||
| 008 | 180408b bul|||||r ||||||| ||bul|| | ||
| 010 | _aKNG00080224000 | ||
| 020 |
_a978-954-340-078-2 _bиздат.: Ню медиа груп |
||
| 040 | _aBLK | ||
| 041 |
_aBUL _cBUL |
||
| 080 |
_aИкономическо положение. Икономическа политика. Управление. Планиране. Производство. Услуги. Цени _b338 _x(497.2)(092) _z338(497.2)(092) |
||
| 080 |
_aИкономическа психология. Икономическо поведение. Физиологични и психологични елементи. Интереси. Икономически дух _b330.16 _x(497.2)(092) _z330.16(497.2)(092) |
||
| 080 |
_aЕтика на бизнеса. Успех _b174.4 _x(497.2)(092) _z174.4(497.2)(092) |
||
| 080 |
_aБиографии _b929 _x(497.2) _z929(497.2) |
||
| 100 | 1 |
_aЗлатков, Димитър _eпърви автор _9292979 |
|
| 139 |
_aЗлатков, Димитър _bЗ 73 |
||
| 245 | 1 | 0 |
_aBG олигарси 1 _bТайните на най-богатите българи _cДимитър Златков. |
| 257 | _aBGR | ||
| 260 |
_аСофия _bНю медиа груп _c2007 _fСофия : ИПК Родина |
||
| 300 |
_a256 с. _bсъс сн. _c20 см |
||
| 380 | _a3 | ||
| 500 | _aОфс. изд. | ||
| 650 | 4 |
_aПредприемачество - биографии _9265780 |
|
| 650 | 4 |
_aИкономическо поведение _9245306 |
|
| 651 | 4 |
_aБългария _9241624 |
|
| 653 | _aпредприемачество | ||
| 653 | _aбогати | ||
| 653 | _aмилиардери | ||
| 653 | _aмилионери | ||
| 653 | _aбиографии | ||
| 653 | _aбизнес лидери | ||
| 852 | _aЦб 237536 | ||
| 856 | 4 |
_qpdf _u |
|
| 856 | 4 |
_qpdf _u |
|
| 942 |
_cKNG _n0 _01 |
||
| 944 |
_aCR _c19.12.2007 _k30564 _lГалина Якимова |
||
| 944 |
_aED _c21.01.2009 _k |
||
| 999 |
_c75802 _d75802 |
||